000
00219nam a2200121Ia 4500
100
_a
#N/A
942
_c
BK
245
_a
Game Design Foundation
260
_b
#N/A
082
_b
21922
546
_a
ENGLISH
999
_c
32093
_d
32093